Autorské honoráre a daň z príjmov za rok 1995. 2

Skutočnosti, ktoré pomôžu pri výpočte základu dane z príjmov. Informácie o tom, kto podáva daňové priznanie, čo sa započítava do hraničnej sumy 10 tisíc korún, kedy uplatniť skutočnú výšku výdavku a kedy paušál.

Gespeichert in:
Bibliographische Detailangaben
1. Verfasser: Piršelová, Dagmar
Format: Buchkapitel
Sprache:Slowakisch
Schlagworte:
Tags: Tag hinzufügen
Keine Tags, Fügen Sie das erste Tag hinzu!

MARC

LEADER 00000naa a2200000 4500
001 r018880
005 20221205101746.9
041 0 |a slo 
044 |a SK 
245 1 0 |a Autorské honoráre a daň z príjmov za rok 1995. 2  |c Dagmar Piršelová 
520 |a Skutočnosti, ktoré pomôžu pri výpočte základu dane z príjmov. Informácie o tom, kto podáva daňové priznanie, čo sa započítava do hraničnej sumy 10 tisíc korún, kedy uplatniť skutočnú výšku výdavku a kedy paušál. 
610 2 0 |a Slovensko 
610 2 0 |a 1995 
610 2 0 |a dane z príjmov 
610 2 0 |a honoráre 
610 2 0 |a priznania daňové 
100 1 |a Piršelová, Dagmar